|
|
|
|
| LEADER |
01791nam a2200265 a 4500 |
| 001 |
2312708 |
| 008 |
091230s1979 ii b 000 0 eng d |
| 010 |
|
|
|a 80900141
|
| 040 |
|
|
|a DLC
|c DLC
|d DLC
|d BD-DhAAL
|
| 082 |
0 |
0 |
|a 305.4/095492
|2 20
|
| 245 |
0 |
4 |
|a The Situation of women in Bangladesh /
|c edited by Women for Women, Research and Study Group at the request of Women's Development Programme, UNICEF, Dacca.
|
| 246 |
0 |
4 |
|a Situation of women in Bangladesh, 1979
|
| 260 |
|
|
|a Dacca :
|b Women for Women,
|c 1979.
|
| 300 |
|
|
|a 454 p. ;
|c 23 cm.
|
| 504 |
|
|
|a Includes bibliographical references.
|
| 541 |
1 |
|
|e 00003255
|
| 650 |
|
0 |
|a Women
|z Bangladesh.
|
| 710 |
2 |
|
|a Women for Women Research & Study Group (Bangladeash)
|
| 852 |
4 |
|
|a Ayesha Abed Library
|j General Shelf.
|
| 999 |
|
|
|c 6553
|d 6553
|
| 952 |
|
|
|0 0
|1 0
|2 ddc
|4 0
|6 305_409549200000000_SIT_1979
|7 0
|9 6663
|a BRACUL
|b BRACUL
|c GEN
|d 2009-12-31
|g 0.00
|l 1
|m 1
|o 305.4095492 SIT
|p 3010003255
|r 2013-06-17
|s 2013-01-21
|t 1
|w 2009-12-31
|y BK
|x No price found in the accession register.
|
| 952 |
|
|
|0 0
|1 0
|2 ddc
|4 0
|6 305_409549200000000_SIT_1979
|7 0
|9 6664
|a BRACUL
|b BRACUL
|c GEN
|d 2009-12-31
|g 0.00
|l 1
|m 30
|o 305.4095492 SIT
|p 3010000829
|r 2023-08-23
|s 2023-01-25
|t 2
|w 2009-12-31
|y BK
|x No price found in the accession register.
|
| 952 |
|
|
|0 0
|1 0
|2 ddc
|4 0
|6 305_409549200000000_SIT_1979
|7 0
|9 6665
|a BRACUL
|b BRACUL
|c GEN
|d 2009-12-31
|g 0.00
|l 0
|o 305.4095492 SIT
|p 3010004465
|r 2009-12-31
|t 3
|w 2009-12-31
|y BK
|x No price found in the accession register.
|
| 952 |
|
|
|0 0
|1 0
|2 ddc
|4 0
|6 305_409549200000000_SIT_1979
|7 0
|9 8006
|a BRACUL
|b BRACUL
|c GEN
|d 2010-02-10
|g 0.00
|l 0
|o 305.4095492 SIT
|p 3010004464
|r 2010-02-10
|t 4
|w 2010-02-10
|y BK
|z Not price in Register
|
| 952 |
|
|
|0 0
|1 0
|2 ddc
|4 0
|6 305_409549200000000_SIT
|7 0
|9 54358
|a SCL
|b SCL
|c GEN
|d 2015-06-17
|l 0
|o 305.4095492 SIT
|p 3020000748
|r 2015-06-17
|t 1
|w 2015-06-17
|y BK
|